Miasta w województwie mazowieckim - nagła śmierć - Statystyki

Ogólne statystyki
  • Ten quiz został rozwiązany 53 razy
  • Średni wynik to 5 z 15
Answers on the Grid
Answers color-coded by a green-red scale on the quiz's grid according to % correct below.
Myszyniec
Wyszogród
Lutocin
Pionki
Błędów
Przysucha
Bieżuń
Kałuszyn
Wąsewo
Wierzbica
Długosiodło
Mogielnica
Klembów
Iłża
Czosnów
Bielsk
Halinów
Stare Babice
Teresin
Jednorożec
Dębe Wielkie
Lipsko
Sienno
Szydłowo
Pilawa
Krasnosielc
Wiskitki
Różan
Ciepielów
Gniewoszów
 
Statystyki odpowiedzi
Odpowiedź % Poprawnych
Pionki
64%
Przysucha
62%
Halinów
45%
Wyszogród
43%
Iłża
38%
Kałuszyn
33%
Lipsko
31%
Pilawa
31%
Bieżuń
29%
Wiskitki
26%
Mogielnica
24%
Myszyniec
24%
Różan
17%
Ciepielów
14%
Sienno
10%
Nie znaleziono quizów pasujących do podanych kryteriów
Rozkład punktacji
Procent ludzi z każdym wynikiem
Percentyl według liczby udzielonych odpowiedzi
Twoja historia wyników
Nie rozwiązałeś tego quizu